| 000 | 00670cam a2200229 4500 | ||
|---|---|---|---|
| 001 | 12292 | ||
| 005 | 20230410105438.0 | ||
| 008 | 060907s1998 nyu eng | ||
| 020 | _a0393045749 | ||
| 035 | _9funglode12391 | ||
| 041 | _aeng | ||
| 050 | 1 | 4 |
_aHC 110 _bL642p 1998 |
| 082 | 0 | 0 | _a338.0973 |
| 100 | 1 |
_aLester, Richard K. _q(Richard Keith), _d1954- |
|
| 245 | 1 | 4 |
_aThe productive edge / _cRichard K. Lester |
| 260 |
_aNew York : _bW.W. Norton, _cc1998. |
||
| 300 |
_a368 p. ; _c25 cm. |
||
| 650 | 0 |
_aIndustrial productivity _zUnited States. |
|
| 650 | 4 | _aProductividad industrial | |
| 650 | 4 |
_aProductividad industrial _zEstados Unidos. |
|
| 942 |
_2lcc _cbk |
||
| 999 |
_c36864 _d36864 |
||